El desempleo de masas en la gran depresión: palabras, imágenes y sonidos
Zapisane w:
| 1. autor: | |
|---|---|
| Format: | Książka |
| Język: | hiszpański |
| Wydane: |
Valladolid
Universidad de Valladolid
2006
|
| Seria: | Historia y Sociedad, 121
|
| Hasła przedmiotowe: | |
| Etykiety: |
Dodaj etykietę
Nie ma etykietki, Dołącz pierwszą etykiete!
|
MARC
| LEADER | 00000nam a2200000 a 4500 | ||
|---|---|---|---|
| 001 | UCI6985 | ||
| 003 | CL-VaPUC | ||
| 008 | 080605e20060000SP |||||||||||||||||spa|d | ||
| 020 | |a 8484483924 | ||
| 082 | 0 | 4 | |a 331.137 |b DIE |2 21 |
| 100 | 0 | |a Díez Espinosa, José Ramón |e author |9 530109 | |
| 245 | 1 | 3 | |a El desempleo de masas en la gran depresión: palabras, imágenes y sonidos |
| 300 | |a 283 p | ||
| 942 | |c BK | ||
| 945 | |d 20080605 00:00:00 |a rbrito | ||
| 260 | |a Valladolid |b Universidad de Valladolid |c 2006 | ||
| 650 | 7 | |a DESEMPLEO 1918-1945 |2 CL-VaPUC |9 530110 | |
| 650 | 0 | |a Condiciones sociales |9 257278 | |
| 650 | 0 | |a Trabajadores |9 260887 | |
| 650 | 0 | |a Cesantía |9 474808 | |
| 651 | 0 | |a Europa |9 255156 | |
| 651 | 0 | |a Estados Unidos |9 255178 | |
| 583 | |a last modification |c 20080605 00:00:00 |k Rodrigo Vera | ||
| 490 | 0 | |a Historia y Sociedad, 121 | |
| 999 | |c 330416 |d 330414 | ||
| 952 | |0 0 |1 0 |4 0 |6 331_137000000000000_DIE_2006 |7 0 |8 A |9 415943 |a BIBHIS |b BIBHIS |d 2019-11-22 |i 4445422 |l 1 |o 331.137 DIE 2006 |p 4445422 |r 2025-01-20 |s 2021-07-22 |w 2019-11-22 |y BK |k HIS | ||